<?xml version="1.0" encoding="UTF-8"?>
<record
    xmlns:xsi="http://www.w3.org/2001/XMLSchema-instance"
    xsi:schemaLocation="http://www.loc.gov/MARC21/slim http://www.loc.gov/standards/marcxml/schema/MARC21slim.xsd"
    xmlns="http://www.loc.gov/MARC21/slim">

  <leader>02382nam a22004337a 4500</leader>
  <controlfield tag="001">BRCA_9183</controlfield>
  <controlfield tag="003">FranzMayer</controlfield>
  <controlfield tag="005">20220809132231.0</controlfield>
  <controlfield tag="008">220701b        |||||||| |||| 00| 0 spa d</controlfield>
  <datafield tag="020" ind1=" " ind2=" ">
    <subfield code="a">9786075393636</subfield>
  </datafield>
  <datafield tag="040" ind1=" " ind2=" ">
    <subfield code="c">MFM</subfield>
  </datafield>
  <datafield tag="041" ind1="0" ind2=" ">
    <subfield code="a">spa</subfield>
  </datafield>
  <datafield tag="050" ind1=" " ind2=" ">
    <subfield code="a">F1218.5 </subfield>
    <subfield code="b">T48 2019 </subfield>
  </datafield>
  <datafield tag="245" ind1="0" ind2="0">
    <subfield code="a">Tetz&#xE1;huitl : </subfield>
    <subfield code="b">Los presagios de la conquista de M&#xE9;xico</subfield>
  </datafield>
  <datafield tag="260" ind1=" " ind2=" ">
    <subfield code="a">Ciudad de M&#xE9;xico</subfield>
    <subfield code="b">Museo del Templo Mayor</subfield>
    <subfield code="c">2019</subfield>
  </datafield>
  <datafield tag="300" ind1=" " ind2=" ">
    <subfield code="a">239 p. :</subfield>
    <subfield code="b">il. y fot. ; </subfield>
    <subfield code="c">22 x 30 cm.</subfield>
  </datafield>
  <datafield tag="490" ind1=" " ind2=" ">
    <subfield code="a">Museos y Galer&#xED;as</subfield>
  </datafield>
  <datafield tag="500" ind1=" " ind2=" ">
    <subfield code="a">Ubicaci&#xF3;n: L59-N5</subfield>
  </datafield>
  <datafield tag="500" ind1=" " ind2=" ">
    <subfield code="a">Incluye im&#xE1;genes de piezas del Museo Franz Mayer (p. 144-147)</subfield>
  </datafield>
  <datafield tag="500" ind1=" " ind2=" ">
    <subfield code="a">Incluye &#xED;ndice y lista de obra en exposici&#xF3;n</subfield>
  </datafield>
  <datafield tag="504" ind1=" " ind2=" ">
    <subfield code="a">Bibliograf&#xED;a: p. 225-231</subfield>
  </datafield>
  <datafield tag="505" ind1="2" ind2=" ">
    <subfield code="t">Presentaciones / </subfield>
    <subfield code="r">Alejandra Frausto Guerrero (Secretaria de Cultura) y Diego Prieto Hern&#xE1;ndez (Director General de Instituto Nacional de Antropolog&#xED;a e Historia)</subfield>
  </datafield>
  <datafield tag="505" ind1=" " ind2=" ">
    <subfield code="t">Introducci&#xF3;n</subfield>
    <subfield code="r">Patricia Ledesma Bouchan</subfield>
  </datafield>
  <datafield tag="505" ind1=" " ind2=" ">
    <subfield code="t">&#xBF;Qu&#xE9; es un augurio? Una fuente b&#xE1;sica para entender el concepto / </subfield>
    <subfield code="r">Alfredo L&#xF3;pez Austin</subfield>
  </datafield>
  <datafield tag="505" ind1=" " ind2=" ">
    <subfield code="t">Controlar el futuro e integrar al otro: los presagios de la conquista de M&#xE9;xico / </subfield>
    <subfield code="r">Guilhem Oliver</subfield>
  </datafield>
  <datafield tag="505" ind1=" " ind2=" ">
    <subfield code="t">Signos del final de los tiempo. Los ocho presagios de la Conquista del C&#xF3;dice Florentino / </subfield>
    <subfield code="r">Berenice Alc&#xE1;ntara Rojas</subfield>
  </datafield>
  <datafield tag="505" ind1=" " ind2=" ">
    <subfield code="t">Breve apunte sobre los espejos / </subfield>
    <subfield code="r">Bertina Olmedo Vera</subfield>
  </datafield>
  <datafield tag="505" ind1=" " ind2=" ">
    <subfield code="t">El hombre del espejo: el espejo de obsidiana de John Dee en el Museo Brit&#xE1;nico de Londres / </subfield>
    <subfield code="r">Rachel King</subfield>
  </datafield>
  <datafield tag="505" ind1=" " ind2=" ">
    <subfield code="t">Se&#xF1;ales y profec&#xED;as en el mundo de los conquistadores / </subfield>
    <subfield code="r">Bernard Grunberg</subfield>
  </datafield>
  <datafield tag="505" ind1=" " ind2=" ">
    <subfield code="t">La invenci&#xF3;n prof&#xE9;tica entre los mayas de hoy y de ayer / </subfield>
    <subfield code="r">Valentina Vapnarsky</subfield>
  </datafield>
  <datafield tag="505" ind1=" " ind2=" ">
    <subfield code="t">Ag&#xFC;eros y presagios de la ca&#xED;da del Tahuantinsuyu / </subfield>
    <subfield code="r">Luis Millones y Renata Mayer</subfield>
  </datafield>
  <datafield tag="505" ind1=" " ind2=" ">
    <subfield code="t">Provocar la suerte, aprovechar la oportunidad: los presagios en la Antig&#xFC;edad griega y romana / </subfield>
    <subfield code="r">Ren&#xE9;e Koch Piettre</subfield>
  </datafield>
  <datafield tag="520" ind1=" " ind2=" ">
    <subfield code="a">Cat&#xE1;logo de la exposici&#xF3;n temporal "Tetz&#xE1;huitl. Los presagios de la conquista de M&#xE9;xico" en el Museo del Templo Mayor (Noviembre 2019 - Marzo 2020 Ciudad de M&#xE9;xico)</subfield>
  </datafield>
  <datafield tag="650" ind1=" " ind2=" ">
    <subfield code="a">Ind&#xED;genas de M&#xE9;xico</subfield>
    <subfield code="x">Museos</subfield>
    <subfield code="v">Cat&#xE1;logos</subfield>
    <subfield code="9">28400</subfield>
  </datafield>
  <datafield tag="651" ind1=" " ind2=" ">
    <subfield code="a">M&#xE9;xico</subfield>
    <subfield code="x">Historia</subfield>
    <subfield code="y">Conquista, 1519-1540</subfield>
    <subfield code="9">442</subfield>
  </datafield>
  <datafield tag="655" ind1=" " ind2=" ">
    <subfield code="a">Cat&#xE1;logos</subfield>
    <subfield code="9">28401</subfield>
  </datafield>
  <datafield tag="942" ind1=" " ind2=" ">
    <subfield code="2">lcc</subfield>
    <subfield code="c">B</subfield>
  </datafield>
  <datafield tag="999" ind1=" " ind2=" ">
    <subfield code="c">10802</subfield>
    <subfield code="d">10802</subfield>
  </datafield>
  <datafield tag="952" ind1=" " ind2=" ">
    <subfield code="0">0</subfield>
    <subfield code="1">0</subfield>
    <subfield code="2">lcc</subfield>
    <subfield code="4">0</subfield>
    <subfield code="7">0</subfield>
    <subfield code="a">BRCA</subfield>
    <subfield code="b">BRCA</subfield>
    <subfield code="d">2022-07-01</subfield>
    <subfield code="l">0</subfield>
    <subfield code="o">F1218.5  T48 2019 </subfield>
    <subfield code="p">CONT9956</subfield>
    <subfield code="r">2022-07-01 00:00:00</subfield>
    <subfield code="w">2022-07-01</subfield>
    <subfield code="y">B</subfield>
  </datafield>
  <datafield tag="952" ind1=" " ind2=" ">
    <subfield code="0">0</subfield>
    <subfield code="1">0</subfield>
    <subfield code="2">lcc</subfield>
    <subfield code="4">0</subfield>
    <subfield code="7">0</subfield>
    <subfield code="a">BRCA</subfield>
    <subfield code="b">BRCA</subfield>
    <subfield code="d">2022-07-07</subfield>
    <subfield code="l">0</subfield>
    <subfield code="o">F1218.5  T48 2019 </subfield>
    <subfield code="p">CONT9966</subfield>
    <subfield code="r">2022-07-07 00:00:00</subfield>
    <subfield code="w">2022-07-07</subfield>
    <subfield code="y">B</subfield>
  </datafield>
</record>
